000 00533nam a2200181Ia 4500
999 _c2724
_d2724
003 OSt
005 20200813100337.0
008 190216s9999||||xx |||||||||||||| ||und||
040 _coclc
082 _a547
_bTEW/T
100 _aTewari, K S
_94079
245 0 _aA Textbook Of Organic Chemistry /
_cK S Tewari ; S N Mehrotra ; N K Vishnoi
250 _a1st Ed.
260 _bVikas Publishing House,
_aNew Delhi:
300 _a1394p
650 _aChemistry-Chemistry
942 _cBK
_2ddc
_h547
_iTEW/T
_k547
_mTEW/T